00322nam a22001337a 4500020001800000082002100018100001400039245003500053260003500088300001000123650001600133650002400149650001500173 a9788196176600 aM 808.036bGIT/A aGithesh T aAkhyanasasthram/cby Githesh T aKozhikode:bAtma books,c2023. a147p. aNarratology aLiterature Rhetoric aLiterature